000 00289nam a22001337a 4500
008 180130b xxu||||| |||| 00| 0 eng d
020 _a9780721692678
041 _aeng
080 _a610
100 _a6
101 _aANE
245 _aAnesthesia Practice
_cRoizen, M.F
942 _2udc
_cBK
999 _c41223
_d41223